000
00238nam a2200085Ia 4500
008
220204s9999 xx 000 0 und d
100
_a
Basu, B K
245
0
_a
Lectures on management accountancy: Priniciples, system and practice
942
_c
BK
999
_c
24468
_d
24468